Les 17 temps verbaux en français - Statistiques

Statistiques générales
  • Ce quiz a été pris 45 fois
  • Le résultat moyen est 8 sur 17
Statistiques - réponses
Temps verbaux français % Correct
Présent de l'indicatif
100%
Futur de l'indicatif
66%
Présent du subjonctif
61%
Imparfait de l'indicatif
59%
Futur antérieur de l'indicatif
57%
Passé composé de l'indicatif
57%
Plus-que-parfait de l'indicatif
57%
Passé du subjonctif
55%
Passé simple de l'indicatif
55%
Imparfait du subjonctif
50%
Passé antérieur de l'indicatif
50%
Conditionnel présent
48%
Présent de l'impératif
45%
Passé de l'impératif
27%
Plus-que-parfait du subjonctif
27%
Conditionnel passé deuxième forme
5%
Conditionnel passé première forme
5%
Aucun quiz correspondant
Distribution des résultats
% des personnes avec chaque résultat
Percentile par nombre de réponses
Votre historique - résultats
Vous n’avez pas pris ce quiz